00965nab a2200265 uc450000100070000000500170000700800410002403500110006503500210007604000130009704100080011010000350011824501460015365000220029965000230032165000260034465000400037065000240041065000340043465000130046865000180048170000330049970000440053277301230057685351720240201190606.0031112e20030705 eng  a853517 a(OCoLC)820084171 ccomduadb aeng10aRafael, Miriam Silva4auteaut10aLocation of ribosomal genes in the chromosomes of Anopheles darlingi and Anopheles nuneztovari (Diptera, Culicidae) from the Brazilian Amazon aAmazonas (Brasil) aAnopheles darlingi aAnopheles nuneztovari aHibridación fluorescente in situ  aDiptera : Culicidae 7aVectores de enfermedades2dcs 7aADN2dcs 7aMalaria2lemb10aTadei, Wanderli P.4auteaut10aPimentel, Shirlei Maria Recco4auteaut0 tMemorias do Instituto Oswaldo Cruz (Rio de Janeiro)gVol. 098, No. 05, Jul. 2003, p. 629-635w280998x0074-0276096126